Upside Down Flags #9 - Statistics

General Stats
  • This quiz has been taken 35 times
  • The average score is 20 of 20
Answer Stats
Picture Answer % Correct
Chile
100%
Cuba
100%
Denmark
100%
Ecuador
100%
Maldives
100%
Nigeria
100%
Singapore
100%
Slovenia
100%
United States
100%
Burundi
97%
Ghana
97%
Lithuania
97%
Marshall Islands
97%
Mauritania
97%
Moldova
97%
Palau
97%
Suriname
97%
Vanuatu
97%
Tanzania
93%
South Sudan
90%
No matching quizzes found
Score Distribution
Percent of People with Each Score
Percentile by Number Answered
Your Score History
You have not taken this quiz